1450 1953 1108 1515 1475 1421 1809 1431 1496 1544 1612 1811 1673 1948 1891 1800 1294 1892 1775 1771 1620 1424 1517 1558 1600 1876 1338 1186 1510 1652 1532 1741 1204 1229 1039 1229 1193 1088 1509 1724 1750 1320 1284 1099 1641 1195 1203 2000 1568 1387 1230 1267 1269 1133 1002 1886 1456 1840 1713 1535 1691 1527 1666 1302 1756 1842 1304 1409 1465 1351 1399 1220 1442 1595 1000 1508 1861 1586 1561 1761 1577 1303 1712 1455 1253 1646 1041 1507 1927 1639 1233 1619 1181 1620 1092 1060 1983 1550 1074 BCNSPRNW ULIB Ver.6.0+V

เปลี่ยนเป็นภาษาไทย

Change to English
 แสดงรายละเอียดบรรณานุกรม
  กลับหน้าหลัก

Brief Record : Get Marc (ISO 2709) : E-mail record : QR code < ปิดหน้าต่าง
LEADER : 00000nam 2200000uu 4500
001    13399124516
003     ULIB
008    150818s2542||||th 000 0 tha d
020    9789742552787 (ล.1)
020    9742552789 (ล.1)
090    นว.^bพ541ส ล.1
100 0  พัดชา
245 00 สามี เล่ม1/^cพัดชา
250    พิมพ์ครั้งที่ 2
260    กรุงเทพฯ :^bบูรพาสาส์น(1991)จำกัด,^c2542
300    528 หน้า
945    ^p350^l0^i23108
995    ทศพร
999    () ^aใช้งานได้ทุกระบบ
รายการนี้ยังไม่มีแท็ก
คุณยังไม่ได้ล็อกอิน คุณสามารถมีกิจกรรมร่วมกับเว็บไซต์ได้ แต่ต้องล็อกอินก่อน ::
  ล็อกอิน

รายการสื่อสารสนเทศ

ลำดับที่ ประเภท เลขเรียก/บาร์โค้ด สถานที่ สถานะ
1. นวนิยาย
นวนิยาย
นว. พ541ส ล.1 ฉ.1 
  Barcode: 23108
ห้องสมุดวิทยาเขตนครสวรรค์
►นวนิยาย:l:Fiction
บนชั้น

รายการใกล้เคียง
    ผู้แต่ง [พัดชา]

BibComment


ยังไม่เคยถูกคอมเมนท์

คอมเมนท์ทรัพยากรรายการนี้
  คอมเมนท์: สามี เล่ม1 พัดชา


 Copyright 2026. Bcnsprnw @Library